000 00469ntaaa2200193 4500
003 01
005 20251027202107.0
008 0714s1973 ag 01
020 _a0829703144
040 _aAR-BaBN
_bspa
_cAR-BaBN
_eaacr
_dRIC
082 _a252.0000 W65t
100 _aWilkerson, David
_94087
245 _aToque de trompeta en Sion
250 _a1 ed.
260 _aDeerfield, FL :
_bVida,
_c1990
300 _a58 p ;
_c18 cm
650 _asermones
_9362
942 _cBK
999 _c15784
_d15784